| 000 | 00569 a2200145 4500 | ||
|---|---|---|---|
| 003 | Nust | ||
| 005 | 20220725183051.0 | ||
| 040 | _cNust | ||
| 082 | _a004.165,MOT | ||
| 245 |
_aMicroprocessor, Microcontroller and peripheral Data / _bA Broad Spestrum of Design Solutions (Volume ii) |
||
| 260 |
_aU.S.A _bMotorola _c1988 |
||
| 300 | _a31900 p.: | ||
| 505 | _aMotorola’s Microprocessor and Microcontroller Families. Reliability and Quality Summary. Data Sheets. Data Sheets. Mechanical Data. Evaluation Modules. Product Ordering Forms. | ||
| 942 |
_2ddc _cBK _k004.165,MOT |
||
| 999 |
_c189182 _d189182 |
||